|
|
|
|
| LEADER |
00000nam0a2200000 4500 |
| 001 |
357148 |
| 005 |
20231102010949.0 |
| 035 |
|
|
|a (RuTPU)RU\TPU\retro\14408
|
| 090 |
|
|
|a 357148
|
| 100 |
|
|
|a 20200730d1973 km y0rusy50 ca
|
| 101 |
0 |
|
|a rus
|
| 102 |
|
|
|a RU
|
| 105 |
|
|
|a ac z 001zb
|
| 200 |
1 |
|
|a Военно-боевая работа партии большевиков 1903-1917
|f под ред. Н. Р. Панкратова
|
| 210 |
|
|
|a Москва
|c Военное изд-во
|d 1973
|
| 215 |
|
|
|a 382 с.
|c ил.
|
| 320 |
|
|
|a Библиография в ссылках
|
| 600 |
|
1 |
|a Ленин
|b В. И.
|c настоящая фамилия Ульянов
|c российский политический деятель
|f 1870-1924
|g Владимир Ильич
|2 stltpush
|3 (RuTPU)RU\TPU\pers\1074
|9 486
|
| 606 |
1 |
|
|a Партийное строительство
|x До октябрьский период
|2 stltpush
|3 (RuTPU)RU\TPU\subj\48338
|9 67211
|
| 610 |
1 |
|
|a большевики
|
| 610 |
1 |
|
|a ВКПб
|
| 610 |
1 |
|
|a военная деятельность
|
| 610 |
1 |
|
|a революция
|
| 610 |
1 |
|
|a Первая русская революция 1905-1907
|
| 610 |
1 |
|
|a ленинские идеи
|
| 610 |
1 |
|
|a военная программа
|
| 610 |
1 |
|
|a Октябрьская революция 1917
|
| 686 |
|
|
|a Ф61(2)25
|v LBC/SL-A
|2 rubbk
|
| 702 |
|
1 |
|a Панкратов
|b Н. Р.
|4 340
|
| 801 |
|
1 |
|a RU
|b 63413507
|c 20200730
|
| 801 |
|
2 |
|a RU
|b 63413507
|c 20210405
|g RCR
|
| 942 |
|
|
|c BK
|